| 000 | 01359nam a22002777a 4500 | ||
|---|---|---|---|
| 005 | 20170411143425.0 | ||
| 008 | 140714b xxu||||| |||| 00| 0 Urdu d | ||
| 010 | _aUR-128 B-548026 B-665903 | ||
| 020 |
_a9789350731833 _c250.00 |
||
| 035 | _aU-128 B-548026 B-665903 | ||
| 037 | _bBPPD/Pub/Ven | ||
| 037 | _bPansy books(Vend./Edu.pub. House(Pub.) | ||
| 040 |
_aDPL _bUrdu |
||
| 082 | _a840.841 | ||
| 100 | _aسميہ تمکين | ||
| 245 |
_aنا صر کا ظمی کی شا عر ی مين پيکر تر ا شی _cسميہ تمکين |
||
| 246 |
_aNasir Kazmi ki shairi mein peekar tarashi _bbySumayya Tamkeen |
||
| 260 |
_aد ھلی _bا يجو کيشنل پبليشنگ ہا ؤس _c2013 |
||
| 260 | _bPansy Books(Vender) | ||
| 270 |
_a3108،و کيل اسٹر يٹ ،کو چہ پنڈ ت ،لال کنو ا ن _bد ھلی _e110006 _k23216162،23214465 |
||
| 270 |
_aR2,/66/A Somesh Vihar,Chhawala _bNew Delhi _e110071 _k01125317355 |
||
| 300 |
_a235ص _c22Cm (Hb) |
||
| 942 |
_2ddc _cUR _e _h840.841 _mس م ی |
||
| 999 |
_c87372 _d87372 |
||